Normal view
MARC view
Entry Topical Term
001 - CONTROL NUMBER
- control field: 54245
003 - CONTROL NUMBER IDENTIFIER
- control field: OSt
005 - DATE AND TIME OF LATEST TRANSACTION
- control field: 20160427114519.0
008 - FIXED-LENGTH DATA ELEMENTS
- fixed length control field: 160427|| aca||aabn | a|a d
040 ## - CATALOGING SOURCE
- Original cataloging agency: OSt
- Transcribing agency: OSt
150 ## - HEADING--TOPICAL TERM
- Topical term or geographic name entry element: Hindi Literature
670 ## - SOURCE DATA FOUND
- Source citation: Work cat.: (OSt)19844: अश्क उपेन्द्र नाथ 41793, मंटो : मेरा दुश्मन , 1991









